00581nam a22001817a 450000500170000001000150001702000260003203500140005803700130007208200130008510000240009824500820012225000100020426000530021427000790026730000210034670000320036720231129143730.0 aENG-138519 a9789357311441c499.00 aEN-122051 bDBAD/PUB aN2First aBharati, Subramania aThe Chariot of Wisdom/cBy Subramania Bharati and Translated By Gregory James aFirst aGurugrambHachette Book Publishing Pvt Ltdc2023 a4th &5th Floors, Corporate Centre, Plot No.94 Sector 44 bGurugrame122003 a244p.c20cm(pbk) aJames, Gregory eTranslated